El subempleo, el costo social de la mano de obra y la estrategia brasileña de crecimiento

Guardado en:
Detalles Bibliográficos
Autor principal: Bacha, Edmar L.
Formato: Desconocido
Aporte de:Registro referencial: Solicitar el recurso aquí
LEADER 00387 a2200109 4500
001 ART_8366
005 20260410161844.0
008 260409a
245 1 0 |a El subempleo, el costo social de la mano de obra y la estrategia brasileña de crecimiento 
100 1 |a Bacha, Edmar L. 
773 0 |t El trimestre económico  |g - Vol. XXXIII, Nº 152 (oct./dic. 1971)  |w REV6933 
999 |c 24346  |d 24346